000 00303nam a22001337a 4500
008 180111b xxu||||| |||| 00| 0 eng d
020 _a9780737000283
041 _aeng
080 _a941
100 _a19
101 _aHIS
245 _aTurning Point of the Civil War
_cMc Pherson, J
942 _2udc
_cBK
999 _c40085
_d40085